Представление документа в формате MARC21

Поле Инд. ПП Название Значение
Тип записи a
Библиографический уровень b
001 Контрольный номер RU/IS/BASE/202325106
005 Дата корректировки 20200610181733.9
008 Кодируемые данные 20060530
084 a Индекс другой классификации/Индекс ББК 66.4в; 66.1(7США)6; 66.041.33
100 1_ a Автор Веселовский С. С.
q Полное имя Веселовский Сергей Сергеевич
245 a Заглавие Обзор статей Р. Кохэна и К. Уолтца в сборнике К. Буса и Т. Данни "Сталкивающиеся миры: террор и будущее мирового порядка"
504 a Библиография Библиогр. ссылки
600 a Персоналии Кохэн Роберт
a Персоналии Уолтс Кеннет
650 a Основная рубрика история политических учений
a Основная рубрика международные отношения
a Основная рубрика политика
a Основная рубрика политология
653 a Ключевые слова "Неразрывность мировой политики"
a Ключевые слова "Публичная делегитимация терроризма и политика коалиций"
a Ключевые слова XX век
a Ключевые слова внешняя политика
a Ключевые слова международный терроризм
a Ключевые слова мировая политика
a Ключевые слова США
a Ключевые слова теория международных отношений
a Ключевые слова терроризм
773 t Заглавие источника Вестник Московского университета. Серия 18, Социология и политология
d Дата издания источника 2006
g Прочая информация № 1. - С. 180 - 189
w Контрольный № источника RU/IS/BASE/199372887
901 t Тип документа b